000 01072cab a2200265 4500
001 X3813
008 090401t1996 xxu||||| |||| 00| 0 eng d
035 _a(Sirsi) u33061
041 _aeng
245 _aJarrett v Barclays Bank (and two other actions)
260 _c1996
350 _a0
490 _aNew Property Cases
_v[1996] NPC 159(2)
520 _aCA 31 October 1996. Proceedings may be brought in the UK against a creditor pursuant to the Consumer Credit Act 1974 ss56(2) or 75 in consequence of misrepresentations or breaches of contract by the supplier to the debtor of `timeshares` in respect of land in another state party to the Brussels Convention Art. 16. (Taken from case heading) NOTE:- NO PHOTOCOYING ALLOWED.
650 _aBRUSSELS CONVENTION ARTICLE 16
650 _aCONSUMER CREDIT ACT 1974
650 _aJARRETT V BARCLAYS BANK
650 _aMISREPRESENTATION
650 _aTIMESHARE AGREEMENTS
650 _aTIMESHARE
650 _aWEBB V WEBB
690 _aPROPERTY LAW AND PRACTICE-CASE LAW
942 _n0
948 _c04/03/1997
999 _c22098
_d22098